Avec Pierre NINEY ... ou pas - Statistiques

Statistiques générales
  • Ce quiz a été pris 154 fois
  • Le résultat moyen est 9 sur 19
Answers on the Grid
Answers color-coded by a green-red scale on the quiz's grid according to % correct below.
LOL (2009)
L'armée du crime (2009)
Les émotifs anonymes (2010)
20 ans d’écart (2013)
Yves Saint Laurent (2014)
Un homme idéal (2015)
L'odyssée (2016)
Comme des frères (2012)
L'autre monde (2010)
La promesse de l'aube (2017)
Sauver ou périr (2018)
OSS 117 : Alerte rouge en Afrique noire (2021)
Boîte noire (2021)
Amants (2021)
Le Comte de Monte-Cristo (2024)
Le livre des solutions (2023)
Mascarade (2022)
Deux moi (2019)
Goliath (2022)
OSS 117 : Le Caire, nid d'espions (2006)
Le retour du héros (2018)
Les infidèles (2012)
Sur les chemins noirs (2023)
Le petit Spirou (2017)
La guerre des Lulus (2023)
Le chant du loup (2019)
BAC Nord (2020)
Les trois mousquetaires : Milady (2023)
Fleuve noir (2018)
L'arnacœur (2010)
 
Statistiques - réponses
Réponse % Correct
Le Comte de Monte-Cristo (2024)
79%
20 ans d’écart (2013)
75%
Yves Saint Laurent (2014)
72%
Boîte noire (2021)
71%
OSS 117 : Alerte rouge en Afrique noire (2021)
62%
Sauver ou périr (2018)
60%
Goliath (2022)
59%
LOL (2009)
58%
La promesse de l'aube (2017)
56%
Un homme idéal (2015)
53%
Le livre des solutions (2023)
50%
Mascarade (2022)
49%
L'odyssée (2016)
40%
Amants (2021)
31%
Comme des frères (2012)
31%
Deux moi (2019)
25%
Les émotifs anonymes (2010)
18%
L'autre monde (2010)
12%
L'armée du crime (2009)
7%
Aucun quiz correspondant
Distribution des résultats
% des personnes avec chaque résultat
Percentile par nombre de réponses
Votre historique - résultats
Vous n’avez pas pris ce quiz